| 000 | 00733nam a2200229Ia 4500 | ||
|---|---|---|---|
| 005 | 20220914112717.0 | ||
| 008 | 210716s2011 xx 000 0 und d | ||
| 020 | _a9788132202035 | ||
| 040 | _cAIMIT LIBRARY | ||
| 041 | _aeng | ||
| 082 |
_a621.367 _21 _bBURW |
||
| 100 |
_aBurger, Wilhelm. _957444 |
||
| 245 |
_aDigital image processing: _balgorithmic introduction using java / _cBy Wilhelm Burger and Mark James Burge. |
||
| 250 | _a1st ed. | ||
| 260 |
_aNew Delhi : _bSpringer , _c2011. |
||
| 300 |
_axx,564p. ; _c24 cm. |
||
| 650 |
_aCrunching pixels _957445 |
||
| 650 |
_aPoint operations _957446 |
||
| 650 |
_aRegions in binary images _957447 |
||
| 700 |
_aBurge, Mark James. _957448 |
||
| 942 |
_2ddc _cBK _e1 _k621.367 BURW |
||
| 999 |
_c194914 _d194914 |
||